LEADER 02455nam0 22004333i 450 001 CAGE013757 005 20170908093313.0 012 $aa,ia r-la s.to quyn (3) 1670 (A)$2fei 100 $a20121222d1670 ||||0itac50 ba 101 | $aspa 102 $aes 181 1$6z01$ai $bxxxe 182 1$6z01$an 200 1 $a˜Las œtres musas vltimas castellanas. Segunda cumbre del Parnaso espanol de don Francisco de Quevedo y Villegas ... 210 $aEn Madrid$cen la Imprenta Real$ca costa de Mateo de la Bastida, mercader de libros, enfrente de las gradas de San Felipe$d1670 215 $a[16], 359, [9] p., [1] c. di tav.$cill.$d4º 300 $aSegn.: [pie di mosca]8 [chi]1 A-Y8 Z4 2A4 300 $aFront. in cornice xil 300 $aA c. [pie di mosca]2 illustrazione allegorica con ritratto dell'autore, alle carte [chi]1, H7v, O4v calcografie allegoriche rappresentanti le tre muse incise da Marcos de Orozco. 316 $a1 v.$5IT-NA0079, SALA FARN.41. D 52 620 $dMadrid$3TO0L002036 700 1$aQuevedo$b, Francisco : de$3CFIV016351$4070$0154070 702 1$aOrozco$b, Marcos : de$f $3BVEV089890 712 02$aBastida, Mateo de la$3BVEV106649$4650 712 02$aImprenta Real$c $3TO0V259476$4650 790 1$aQuevedo Villegas$b, Francisco : de$3CFIV149048$zQuevedo, Francisco : de 790 1$aQuevedo y Villegas$b, Francisco Gómez : de$3CFIV232436$zQuevedo, Francisco : de 791 02$aStamperia reale$c $3SBNV005137$zImprenta Real 791 02$aTipografia regia$c $3SBNV005138$zImprenta Real 791 02$aTypographia Regia$c $3UTOV530657$zImprenta Real 801 3$aIT$bIT-NA0079$c20121222 850 $aIT-NA0079 899 1$aBiblioteca Nazionale Vittorio Emanuele III$bNA0079$41 esemplare$eS$uhttp://books.google.com/books?vid=IBNN:BNA01001466017 912 $aCAGE013757 950 0$aBiblioteca Nazionale Vittorio Emanuele III$c1 v.$d BNSALA FARN.41. D 52$e BNA010014660175 B 1 v.$fC $h20121222$i20121222 956 $aBiblioteca Nazionale Vittorio Emanuele III$b1$cBNTD$d $eBNA01001466017$uhttp://books.google.com/books?vid=IBNN:BNA01001466017$z BNSALA FARN.41. D 52 977 $a BN 996 $aTres musas vltimas castellanas. Segunda cumbre del Parnaso espanol de don Francisco de Quevedo y Villegas ..$91485386 997 $aUNISANNIO LEADER 04689nam 22005535 450 001 9910886097403321 005 20240828130228.0 010 $a981-9718-52-X 024 7 $a10.1007/978-981-97-1852-8 035 $a(MiAaPQ)EBC31622044 035 $a(Au-PeEL)EBL31622044 035 $a(CKB)34455958900041 035 $a(DE-He213)978-981-97-1852-8 035 $a(EXLCZ)9934455958900041 100 $a20240828d2024 u| 0 101 0 $aeng 135 $aurcnu|||||||| 181 $ctxt$2rdacontent 182 $cc$2rdamedia 183 $acr$2rdacarrier 200 10$aEnvironment and Selection of Technology $eThe Historical Agrotechnical Geography of West China During the Qing Dynasty /$fby Zhenghong Xiao 205 $a1st ed. 2024. 210 1$aSingapore :$cSpringer Nature Singapore :$cImprint: Springer,$d2024. 215 $a1 online resource (347 pages) 311 $a981-9718-51-1 327 $aChapter 1. Environmental and Morphological Features of Agricultural Technology in West China during the Qing Dynasty -- Chapter 2. Agro-technological Geographical Features of the Loess Plateau during the Qing Dynasty -- Chapter 3. The Geographical Features of Agricultural Technology in Northwest China during the Qing Dynasty -- Chapter 4. Geographical Features of Agricultural Technology in Qinghai-Tibet Plateau in the Qing Dynasty -- Chapter 5. Geographical Features of Agricultural Technology in Southwest China during the Qing Dynasty -- Chapter 6. The Regional Imbalance and Spatial Interaction of Agro-technical Development in West China during the Qing Dynasty -- Chapter 7. The Selection of Agricultural Technology and the Elements of Eco-environment in West China during the Qing Dynasty -- Chapter 8. The Selection of Agricultural Technology and Social and Economic and Cultural Circumstances in West China during the Qing Dynasty. 330 $aThis book makes an insightful investigation of historical agrotechnical geography in West China in the Qing Dynasty from the perspective of historical geography and the history of agricultural technology. This study first divides West China into four regions, i.e., the Loess Plateau, Northwest China except the Loess Plateau, the Qinghai-Tibet Plateau, and Southwest China. Based on a systematic analysis of the geographical factors, such as heat, moisture, topography, soil, this study discusses the distribution and differentiation of the major technology types in these regions, ranging from the most primitive shifting cultivation and extensive cultivation to the most intensive cultivation, which are manifested in the crop structure and distribution, planting technology, water conservancy, tools, etc., as well as various combinations of these technologies. The diverse types and forms of technology and their specific combinations in different geographical spaces are mainly determined by the diverse environmental conditions, which embodies the multi-factor correlation between technology mode and geographical environment and the internal unity of regional agricultural technology mode. In addition to the relationship between agricultural technology and geographical factors, it also takes social-economic, religious, and other cultural factors as important parameters, which were unique in West China, and significantly influence the trend of agrotechnological development. Through this study, it constructs the basic theoretical framework of historical agrotechnical geography and enlarges the scope of historical geography studies. And, since the author chose West China in the Qing Dynasty as the research subject, which was characterized by significant diversity and complexity in terms of natural geographical factors and socio-economic circumstances like religion and customs, this study provides a typical case for in-depth understanding of West China, so it is still of great academic value and important practical significance for the development of West China today. 606 $aChina$xHistory 606 $aHuman geography 606 $aCultural geography 606 $aHistory of China 606 $aSocial and Cultural Geography 606 $aHuman Geography 615 0$aChina$xHistory. 615 0$aHuman geography. 615 0$aCultural geography. 615 14$aHistory of China. 615 24$aSocial and Cultural Geography. 615 24$aHuman Geography. 676 $a630.951 700 $aXiao$b Zhenghong$01771299 701 $aXu$b Xiaomin$01771300 801 0$bMiAaPQ 801 1$bMiAaPQ 801 2$bMiAaPQ 906 $aBOOK 912 $a9910886097403321 996 $aEnvironment and Selection of Technology$94258012 997 $aUNINA